Lexikón slušného správania

Salvato in:
Dettagli Bibliografici
Autori principali: Chorvát, František (Autore), Orlík, Juraj (Autore)
Natura: Libro
Lingua:slovacco
Pubblicazione: Bratislava : MATYS, 1997
Tags: Aggiungi Tag
Nessun Tag, puoi essere il primo ad aggiungerne!!

MARC

LEADER 00000nam a22000003a 4500
001 stu55608
005 20150617225659.2
008 001110s1997----xo------------------slo-d
020 |a 80-967838-0-7 
040 |a STU  |b slo 
041 0 |a slo 
044 |a xo 
080 |a 172  |7 stu_us_auth*stu9855 
100 1 |a Chorvát, František  |4 aut 
245 1 |a Lexikón slušného správania 
260 |a Bratislava :  |b MATYS,  |c 1997 
300 |a 213 s 
700 1 |a Orlík, Juraj  |4 aut 
996 |b 284C018708  |c C*96445  |l CCI  |s A  |a 24  |w stu55608_0001